[Event "IECG CP.2009.P.00011 email"]
[Site "IECG email"]
[Date "2009.10.01"]
[Round "?"]
[White "Altmann, Eduard"]
[Black "Nelson, Anthony"]
[Result "1-0"]
[WhiteElo "1930"]
[BlackElo "1252"]
[PlyCount "111"]
[EventDate "2009.10.01"]
[EventType "tourn (corr)"]
[EventRounds "6"]
[EventCountry "ARG"]
[SourceTitle "Corr 2024"]
[Source "ChessBase"]
[SourceDate "2023.10.19"]
[SourceVersion "1"]
[SourceVersionDate "2023.10.19"]
[SourceQuality "1"]

1. d4 Nf6 2. c4 Nc6 3. Nf3 e6 4. Nc3 Bb4 5. e3 0-0 6. Bd3 d5 7. 0-0 a6 8. a3 dxc4 9. Bxc4 Bd6 10. e4 e5 11. d5 Ne7 12. Be3 Ng6 13. Be2 Qe7 14. Nd2 Nf4 15. Nc4 Nxe2+ 16. Qxe2 Ng4 17. Nxd6 Qxd6 18. Bg5 Bd7 19. h3 Qg6 20. f4 Qb6+ 21. Kh1 h6 22. Bh4 Ne3 23. Rf3 exf4 24. Rxf4 g5 25. Rf3 gxh4 26. Rxe3 f6 27. Rf1 Rae8 28. Rf4 Kh7 29. Ref3 Re5 30. Rxh4 Be8 31. Qd2 h5 32. Ne2 Bg6 33. Nf4 Rg8 34. Ne6 Rxe6 35. dxe6 Qxe6 36. Rhf4 Rf8 37. Qd5 Qxd5 38. exd5 Rf7 39. Rxf6 Rd7 40. Rb3 Kg7 41. Rf1 b6 42. Rc3 Be4 43. Rfc1 Bxd5 44. Rxc7 Rxc7 45. Rxc7+ Kf6 46. Rd7 Bc4 47. Rd6+ Kf5 48. Rxb6 Bd3 49. Kg1 Kg5 50. Rd6 Be2 51. b3 Kf4 52. Kf2 Ke5 53. Rh6 Bd1 54. b4 Bb3 55. Rxa6 Bc2 56. Rh6 1-0

[Event "IECG CP.2009.P.00011 email"]
[Site "IECG email"]
[Date "2009.10.01"]
[Round "?"]
[White "Basson, Heinrich"]
[Black "Altmann, Eduard"]
[Result "0-1"]
[WhiteElo "1743"]
[BlackElo "1930"]
[PlyCount "66"]
[EventDate "2009.10.01"]
[EventType "tourn (corr)"]
[EventRounds "6"]
[EventCountry "ARG"]
[SourceTitle "Corr 2024"]
[Source "ChessBase"]
[SourceDate "2023.10.19"]
[SourceVersion "1"]
[SourceVersionDate "2023.10.19"]
[SourceQuality "1"]

1. e4 e5 2. Nf3 Nc6 3. Bc4 Nf6 4. Ng5 d5 5. exd5 Na5 6. Bb5+ c6 7. dxc6 bxc6 8. Be2 h6 9. Nh3 Bd6 10. d3 0-0 11. 0-0 Bc7 12. Nd2 Bxh3 13. gxh3 Qd6 14. Kh1 e4 15. f4 exf3 16. Nxf3 Rfe8 17. Rg1 Nd5 18. c4 Nf4 19. Bxf4 Qxf4 20. b4 Nb7 21. Qc2 Nd6 22. Rg4 Qf6 23. d4 Nf5 24. Rag1 g6 25. Re4 Rad8 26. Rxe8+ Rxe8 27. Qd2 Re3 28. a4 Bf4 29. Qd1 Qe6 30. Bf1 Qe4 31. Bg2 Bxh2 32. Re1 Bf4 33. Qb1 Ng3+ 0-1

[Event "IECG CP.2009.P.00011 email"]
[Site "IECG email"]
[Date "2009.10.01"]
[Round "?"]
[White "Yangibayev, Rustam"]
[Black "Altmann, Eduard"]
[Result "0-1"]
[WhiteElo "765"]
[BlackElo "1930"]
[PlyCount "48"]
[EventDate "2009.10.01"]
[EventType "tourn (corr)"]
[EventRounds "6"]
[EventCountry "ARG"]
[SourceTitle "Corr 2024"]
[Source "ChessBase"]
[SourceDate "2023.10.19"]
[SourceVersion "1"]
[SourceVersionDate "2023.10.19"]
[SourceQuality "1"]

1. d4 Nf6 2. c4 e6 3. Nf3 b6 4. Bg5 Bb7 5. Qd3 h6 6. Bd2 Be4 7. Qe3 Nc6 8. Nc3 Nb4 9. Rc1 Nc2+ 10. Rxc2 Bxc2 11. Ne5 c5 12. dxc5 Bxc5 13. Qg3 g6 14. e3 Rc8 15. Be2 Qc7 16. Nb5 Qb8 17. Qf4 Bf5 18. Bc3 Ne4 19. Nc6 Qxf4 20. exf4 dxc6 21. Bxh8 cxb5 22. cxb5 Bxf2+ 23. Kd1 Rd8+ 24. Kc2 Rd2+ 0-1

[Event "IECG WC.2011.S.00002 email"]
[Site "IECG email"]
[Date "2008.10.23"]
[Round "?"]
[White "Braakhuis, Wilfried"]
[Black "Altmann, Eduard"]
[Result "1/2-1/2"]
[WhiteElo "2380"]
[BlackElo "1866"]
[PlyCount "112"]
[EventDate "2008.10.23"]
[EventType "tourn (corr)"]
[EventRounds "10"]
[SourceTitle "Corr 2024"]
[Source "ChessBase"]
[SourceDate "2023.10.19"]
[SourceVersion "1"]
[SourceVersionDate "2023.10.19"]
[SourceQuality "1"]

1. d4 d5 2. c4 e6 3. Nc3 Nf6 4. Nf3 c6 5. e3 Nbd7 6. Bd3 dxc4 7. Bxc4 b5 8. Bd3 Bb7 9. 0-0 a6 10. e4 c5 11. d5 Qc7 12. dxe6 fxe6 13. Bc2 Bd6 14. Ng5 Nf8 15. f4 0-0-0 16. Qe2 h6 17. Nf3 Bxf4 18. Bxf4 Qxf4 19. g3 Qg4 20. e5 Nd5 21. Ne4 Nd7 22. Nd6+ Kc7 23. a4 Nf4 24. Qe3 Bxf3 25. Rxf3 Nd5 26. Qf2 Rhf8 27. Nf7 Rb8 28. axb5 axb5 29. Bb3 Qd4 30. Qxd4 cxd4 31. Rd1 N5f6 32. exf6 Rxf7 33. Bxe6 Rxf6 34. Rxf6 Nxf6 35. Rxd4 Re8 36. Bf5 Kb6 37. b4 Re5 38. Bc2 Rd5 39. Rf4 Rd2 40. Bb3 Kc7 41. Be6 Kd6 42. Bh3 Rd1+ 43. Bf1 Nd5 44. Re4 Rb1 45. Kf2 Nc3 46. Rh4 Rb2+ 47. Kf3 Kc6 48. Rg4 g5 49. h4 Nd1 50. Bxb5+ Kxb5 51. hxg5 Rf2+ 52. Ke4 Rf8 53. Rf4 Re8+ 54. Kf5 Ne3+ 55. Kg6 hxg5 56. Kxg5 Rg8+ 1/2-1/2

[Event "IECG CP.2004.Q.00018 email"]
[Site "IECG email"]
[Date "2006.01.20"]
[Round "?"]
[White "Altmann, Eduard"]
[Black "Korchut, Adam"]
[Result "0-1"]
[WhiteElo "1882"]
[BlackElo "2093"]
[PlyCount "98"]
[EventDate "2006.01.20"]
[EventType "tourn (corr)"]
[EventRounds "6"]
[EventCountry "USA"]
[SourceTitle "Corr 2008"]
[Source "ChessBase"]
[SourceDate "2008.06.24"]
[SourceVersion "1"]
[SourceVersionDate "2008.06.24"]
[SourceQuality "1"]

1. c4 e5 2. g3 Nf6 3. Bg2 Bc5 4. Nc3 Nc6 5. Nf3 d6 6. 0-0 0-0 7. d3 h6 8. a3 a5 9. e3 Bb6 10. b3 Re8 11. Nd2 Bg4 12. Qc2 Qd7 13. Nde4 Nxe4 14. Bxe4 Rac8 15. Nd5 Ba7 16. Bd2 Bh3 17. Rfb1 Nd8 18. Bxa5 Ne6 19. Qe2 Ng5 20. Bh1 b6 21. Bc3 c6 22. Nb4 Qf5 23. e4 Qd7 24. Bd2 Bg4 25. f3 Nh3+ 26. Kg2 Be6 27. a4 Ng5 28. Be3 f5 29. f4 exf4 30. gxf4 Nh7 31. Kg1 fxe4 32. dxe4 Nf6 33. Bd4 b5 34. Bxa7 Qxa7+ 35. Qf2 Qxf2+ 36. Kxf2 bxc4 37. bxc4 Bxc4 38. e5 dxe5 39. Bxc6 exf4 40. Bxe8 Rxe8 41. Rb2 g5 42. a5 Ng4+ 43. Kg2 Re3 44. a6 f3+ 45. Kg1 f2+ 46. Rxf2 Nxf2 47. Kxf2 Re2+ 48. Kg1 Re8 49. a7 Ra8 0-1

[Event "IECG CP.2005.P.00121"]
[Site "IECG email"]
[Date "2005.10.01"]
[Round "?"]
[White "Szava, Miklos"]
[Black "Altmann, Eduard"]
[Result "1-0"]
[WhiteElo "2099"]
[BlackElo "1861"]
[PlyCount "72"]
[EventDate "2005.10.01"]
[EventType "tourn (corr)"]
[EventRounds "6"]
[SourceTitle "Corr 2008"]
[Source "ChessBase"]
[SourceDate "2008.06.24"]
[SourceVersion "1"]
[SourceVersionDate "2008.06.24"]
[SourceQuality "1"]

1. e4 e5 2. Nf3 Nc6 3. Bc4 Nf6 4. Ng5 d5 5. exd5 Na5 6. Bb5+ c6 7. dxc6 bxc6 8. Qf3 Rb8 9. Be2 h6 10. Ne4 Nd5 11. 0-0 Be6 12. d4 exd4 13. Rd1 c5 14. c3 Nc6 15. Na3 Qd7 16. c4 Nc7 17. Nb5 Rb6 18. b3 f5 19. Nec3 Nxb5 20. cxb5 Ne5 21. Qg3 Ng4 22. Na4 Rb7 23. f3 Nf6 24. Ba3 Rc7 25. Rac1 Bd6 26. Nxc5 Bxg3 27. Nxd7 Bxh2+ 28. Kxh2 Rxd7 29. Rc8+ Rd8 30. Rxd8+ Kxd8 31. Bc5 Kc7 32. Bxa7 Ra8 33. b6+ Kb7 34. Rxd4 Re8 35. a4 Bxb3 36. Bb5 Ra8 1-0

[Event "IECG WC.2009.P.00018"]
[Site "IECG email"]
[Date "2005.02.28"]
[Round "?"]
[White "Altmann, Eduard"]
[Black "Schubert, Steffen"]
[Result "1-0"]
[WhiteElo "1814"]
[BlackElo "2104"]
[PlyCount "115"]
[EventDate "2005.02.28"]
[EventType "tourn (corr)"]
[EventRounds "6"]
[SourceTitle "Corr 2008"]
[Source "ChessBase"]
[SourceDate "2008.06.24"]
[SourceVersion "1"]
[SourceVersionDate "2008.06.24"]
[SourceQuality "1"]

1. e4 e5 2. Nf3 Nf6 3. Nxe5 d6 4. Nf3 Nxe4 5. d4 d5 6. Bd3 Bd6 7. 0-0 0-0 8. c4 c6 9. cxd5 cxd5 10. Nc3 Nxc3 11. bxc3 Bg4 12. Rb1 Nd7 13. h3 Bh5 14. Rb5 Nb6 15. c4 Bxf3 16. Qxf3 dxc4 17. Bc2 Qd7 18. a4 g6 19. Be3 Rac8 20. Rfb1 c3 21. a5 Nc4 22. Rxb7 Qd8 23. Ra1 Nxe3 24. fxe3 Bb8 25. a6 f5 26. g3 Rf6 27. h4 h5 28. Rd1 Rxa6 29. e4 Rc7 30. e5 Rb6 31. Rxc7 Qxc7 32. Rd3 Qd8 33. Qe3 Kg7 34. Qe1 Rc6 35. d5 Qb6+ 36. Kf1 Rc8 37. d6 Qb2 38. Qe2 Qb7 39. Kg1 Qb6+ 40. Qf2 Qb4 41. Qe3 Qb6 42. Qxb6 axb6 43. e6 Kf6 44. e7 Bxd6 45. Rxd6+ Kxe7 46. Rxb6 Kf7 47. Kg2 Rd8 48. Bb3+ Kg7 49. Rc6 Rd3 50. Bc4 Rd1 51. Bf1 Rc1 52. Bd3 Kf7 53. Kf2 Kg7 54. Ke3 Kf7 55. Kf4 Rd1 56. Rxc3 Kf6 57. Rb3 Rc1 58. Rb6+ 1-0

[Event "IECG CP.2004.P.00011 email"]
[Site "IECG email"]
[Date "2004.10.01"]
[Round "?"]
[White "Lahdenmaeki, Leo"]
[Black "Altmann, Eduard"]
[Result "1/2-1/2"]
[WhiteElo "1705"]
[BlackElo "1200"]
[PlyCount "141"]
[EventDate "2004.10.01"]
[EventType "tourn (corr)"]
[EventRounds "6"]
[SourceTitle "Corr 2024"]
[Source "ChessBase"]
[SourceDate "2023.10.19"]
[SourceVersion "1"]
[SourceVersionDate "2023.10.19"]
[SourceQuality "1"]

1. e4 e5 2. Nf3 Nc6 3. Bb5 a6 4. Ba4 Nf6 5. 0-0 Be7 6. Re1 b5 7. Bb3 0-0 8. a4 Bb7 9. d3 d6 10. Nbd2 Na5 11. Ba2 c5 12. Nf1 b4 13. c3 Rb8 14. Ne3 Bc8 15. Nd2 Be6 16. Ndc4 Nc6 17. Qe2 Qd7 18. a5 Qd8 19. Bd2 Ne8 20. Nd5 Bg5 21. Be3 Bxe3 22. Ncxe3 Nxa5 23. cxb4 Nc6 24. bxc5 Nd4 25. Qd1 Rxb2 26. Nc4 Rb8 27. cxd6 Bxd5 28. exd5 f6 29. Bb1 Nxd6 30. Rxa6 N6b5 31. Ba2 Qc8 32. Ra5 Rd8 33. Ne3 Nd6 34. Bc4 Rb2 35. Ra1 Qd7 36. Qh5 Rdb8 37. Qh4 Qe8 38. Qh3 Qg6 39. Kf1 R2b6 40. Ra7 Rb1 41. Ra1 Rxa1 42. Rxa1 f5 43. Re1 h5 44. Qg3 Qxg3 45. hxg3 g5 46. Ba2 Kf7 47. Nc4 Nxc4 48. dxc4 Rb2 49. Bb1 e4 50. c5 Nb3 51. c6 Ke7 52. Bd3 Nc5 53. Be2 Rc2 54. Bd1 Rd2 55. Bxh5 Nd3 56. Rd1 Rxf2+ 57. Kg1 Rc2 58. g4 Rc5 59. gxf5 Rxd5 60. Be2 Kd6 61. f6 Rf5 62. Bxd3 exd3 63. Rxd3+ Kxc6 64. Kh2 Rxf6 65. Kh3 Rf4 66. g3 Ra4 67. Rd8 Rb4 68. Rg8 Kd5 69. Rxg5+ Ke6 70. Rg4 Rb7 71. Rf4 1/2-1/2

[Event "IECG CE.2004.0.00070 email"]
[Site "IECG email"]
[Date "2004.04.23"]
[Round "?"]
[White "Agustoni, Alessandro"]
[Black "Altmann, Eduard"]
[Result "0-1"]
[WhiteElo "1200"]
[BlackElo "1200"]
[PlyCount "64"]
[EventDate "2004.04.23"]
[EventType "tourn (corr)"]
[EventRounds "6"]
[SourceTitle "Corr 2008"]
[Source "ChessBase"]
[SourceDate "2008.06.24"]
[SourceVersion "1"]
[SourceVersionDate "2008.06.24"]
[SourceQuality "1"]

1. e4 c5 2. Nf3 d6 3. g3 Nf6 4. d3 e5 5. Bg2 Be7 6. Be3 Qb6 7. b3 0-0 8. Nbd2 Nc6 9. c3 d5 10. Rc1 Qa6 11. Qc2 d4 12. Bg5 dxc3 13. Qxc3 Nb4 14. 0-0 Nxa2 15. Qxe5 Nxc1 16. Rxc1 Be6 17. Qc3 Rfd8 18. Ne1 h6 19. Bf4 Qb5 20. Be5 Ne8 21. f3 Qd7 22. Nc4 b5 23. Na5 Rac8 24. f4 f6 25. f5 fxe5 26. fxe6 Qxe6 27. Nf3 Rc7 28. Rf1 Bf6 29. Rf2 g5 30. Ne1 Be7 31. Nc2 c4 32. bxc4 Bc5 0-1

[Event "IECG CE.2004.0.00070 email"]
[Site "IECG email"]
[Date "2004.04.23"]
[Round "?"]
[White "Nemeth, Laszlo"]
[Black "Altmann, Eduard"]
[Result "0-1"]
[WhiteElo "1294"]
[BlackElo "1200"]
[PlyCount "102"]
[EventDate "2004.04.23"]
[EventType "tourn (corr)"]
[EventRounds "6"]
[SourceTitle "Corr 2008"]
[Source "ChessBase"]
[SourceDate "2008.06.24"]
[SourceVersion "1"]
[SourceVersionDate "2008.06.24"]
[SourceQuality "1"]

1. e4 c5 2. Nf3 d6 3. d4 cxd4 4. Nxd4 Nf6 5. Nc3 Nc6 6. Bb5 Bd7 7. Bg5 a6 8. Ba4 Qa5 9. Bxf6 gxf6 10. Bxc6 bxc6 11. Qf3 Qe5 12. Qe3 Qc5 13. Qd2 Rg8 14. f4 Qb4 15. Nb3 f5 16. a3 Qc4 17. exf5 Bg7 18. 0-0-0 Bxc3 19. bxc3 Bxf5 20. Rhe1 Kf8 21. g3 Re8 22. Qe3 Qa4 23. Kb2 c5 24. Rb1 Rg6 25. Qe2 Bg4 26. Qe4 Qxe4 27. Rxe4 Rh6 28. h4 Rb8 29. Kc1 Rg6 30. Re3 Ke8 31. c4 h5 32. Kd2 Bf5 33. Kc3 e6 34. Nd2 Rxb1 35. Nxb1 Kd7 36. Nd2 Rg8 37. Nb3 Rb8 38. a4 Rb4 39. a5 Ra4 40. Re1 Ra2 41. Rc1 Bg6 42. Kd2 Bh7 43. Kc3 Ke7 44. Nd2 Rxa5 45. Kb3 Bg6 46. Re1 Kf6 47. c3 Bd3 48. Nf1 Bxf1 49. Rxf1 Kf5 50. Rd1 Kg4 51. Rd3 Ra1 0-1